Nom de dessins animés - Statistiques

Statistiques générales
  • Ce quiz a été pris 476 fois
  • Le résultat moyen est 5 sur 10
Statistiques - réponses
Hint Réponse % Correct
Jouets qui parlent Toy-story
85%
Thème culinaire Ratatouille
78%
Représentation des émotions Vice-versa
70%
Le plus connu Blanche-Neige
51%
Le Disney le plus vu Le Roi Lion
51%
Connu des petits Mickey
51%
Amies et agents secrets Totally-Spies
39%
Groupe de détective Scooby-doo
26%
Le Disney le moins vu Les Aristochats
6%
Le plus vendu One Piece
5%
Aucun quiz correspondant
Distribution des résultats
% des personnes avec chaque résultat
Percentile par nombre de réponses
Votre historique - résultats
Vous n’avez pas pris ce quiz